FC Barcelona numbers by players. - Statistics

General Stats
  • This quiz has been taken 1,865 times
  • The average score is 11 of 11
Answer Stats
player number % Correct
Lionel Messi 10
100%
Neymar Jr. 11
100%
Luis Suarez 9
100%
Gerard Pique 3
99%
Andreas Iniesta 8
99%
Ivan Rakitic 4
98%
Jordi Alba 18
95%
Dani Alves 6
95%
Claudio Bravo 13
91%
Javier Mascherano 14
91%
Sergio Busquets 16
88%
No matching quizzes found
Score Distribution
Percent of People with Each Score
Percentile by Number Answered
Your Score History
You have not taken this quiz